ABBA - Paroles Chiquitita - Statistiques

Statistiques générales
  • Ce quiz a été pris 15 fois
  • Le résultat moyen est 211 sur 393
Statistiques - réponses
Hint Réponse % Correct
Couplet 1 Chiquitita,
100%
Chiquitita
100%
Couplet 2 | Refrain Chiquitita,
100%
a
91%
and
91%
And
91%
you
91%
You
91%
(You
91%
I
82%
I,
82%
me
82%
the
82%
be
73%
tell
73%
what's
73%
wrong
73%
your
73%
Your
73%
best
64%
cry
64%
cry,
64%
Couplet 3 So
64%
friend,
64%
know
64%
know,
64%
on
64%
so
64%
(so
64%
that
64%
to
64%
truth
64%
can
55%
did
55%
eyes,
55%
for
55%
I'm
55%
is
55%
it
55%
like
55%
no
55%
one
55%
sad,
55%
sad)
55%
see
55%
sun
55%
there
55%
There
55%
this
55%
tomorrow
55%
above
45%
All
45%
all
45%
always
45%
before
45%
before)
45%
deny
45%
hate
45%
have
45%
hope
45%
How
45%
(How
45%
how
45%
In
45%
in
45%
more
45%
more,
45%
of
45%
once
45%
rely
45%
shoulder
45%
sky
45%
sky)
45%
sorrow
45%
time
45%
way
45%
we
45%
were
45%
again
36%
But
36%
dancing
36%
hear
36%
must
36%
new
36%
own
36%
quiet
36%
shining
36%
together
36%
Try
36%
will
36%
You're
36%
you're
36%
yourself
36%
broken
27%
by
27%
do
27%
end
27%
end)
27%
leaving
27%
Let
27%
let
27%
Now
27%
oh,
27%
sing
27%
Sing
27%
song,
27%
still
27%
sure
27%
You'll
27%
(You'll
27%
go
18%
go)
18%
hard
18%
hurts
18%
pain
18%
seems
18%
up
18%
come
9%
down
9%
enchained
9%
(Even
9%
feather
9%
love's
9%
some
9%
they
9%
too
9%
you've
9%
blown
0%
came
0%
candle
0%
gone
0%
grieving
0%
handle
0%
heartaches
0%
out
0%
patch
0%
scars
0%
they're
0%
though
0%
tumbling
0%
used
0%
walls
0%
Aucun quiz correspondant
Distribution des résultats
% des personnes avec chaque résultat
Percentile par nombre de réponses
Votre historique - résultats
Vous n’avez pas pris ce quiz